00607cam a22002051 4500001001300000003000400013005001700017008004100034010001700075035002000092040003600112042001200148050002100160100002600181245008800207260005300295300001900348440001900367999001500386af 48001137 DLC20260227110847.0890412s1943 ne 000 1 dut c aaf 48001137  a(OCoLC)19539049 aNew York. Public Libr.cCUdDLC apremarc00aPT2619.U473bR621 aJung, Hermann,d1901-13aDe rood-witte sfinx,bde roman van een verraadster. Een roman, op waarheid gegrond. aAmsterdam,bVolksche Uitgeverij Westland,c1943. a286 p.c18 cm. 3aDe Bonte reeks c4366d4366